000 00499nam a2200181 a 4500
001 26555
003 CO-ViMGA
008 141112s2004 ck r 000 u spa d
040 _aCO-ViMGA
_bspa
_cCO-ViMGA
090 _aC ALA3
245 1 0 _aAladino y la lámpara maravillosa
260 _aGrupo Cultural
300 _a[10] p. / 16 cm.
650 1 4 _aCUENTOS INFANTILES ÁRABES
_95958
650 1 4 _aFANTASÍA - - CUENTOS INFANTILES
650 1 4 _aMAGOS - - CUENTOS INFANTILES
_95960
942 _2ddc
_cBK
999 _c11059
_d11059